000
00307nam a22001337a 4500
003
SGT
020
_a
938426658-2
082
_a
615
_b
POR
100
_a
PORWAL, DR. MAYUR
245
_a
A PRACTICAL BOOK OF PHARMACOLOGY -III
260
_a
INDIA
_b
BIRLA PUB.
_c
2024
650
_a
PHARMACOLOGY
942
_2
ddc
_c
BK
999
_c
33061
_d
33061